000 01254nam a22002657a 4500
001 BINCO
003 CO-MdBIC
005 20220421225216.0
008 220421b2005 ck a|||| |||| 00| 0 spa d
020 _a958301852x
040 _a CO-MdBIC
_bspa.
_cCO-MdBIC
_d CO-MdBIC
041 _aspa
082 _222
_aBL820.H5
_bF699
100 _a Ford, James E
_d1943-
245 _aLos doce trabajos de Heracles
_c/ Ford, James E., escritor
_f1943-
250 _aPrimera edición
260 1 _aBogotá, Colombia:
_bPanamericana,
_c[2005]
260 4 _a© 2005
300 _a32 paginas;
_bilustraciones a color:
_c27 cm.
490 _amitos griegos
500 _aMitos griegos hubo un tiempo de héroes. Hubo un tiempo de montruos. Hubo un tiempo en que los dioses y las diosas regían el mundo en un universo de mitos y leyendas. Los doce trabajos de Heracles En un arrebato de locura, Heracles mató a su familia y ofendió a los dioses. Como castigo, el rey Euristeo le impulso doce tareas imposibles. Éstas llevaran al héroe a recorrer todo el mundo conocido y a probar los límites de su fuerza e ingenio. ¿Podrá realizar sus doce trabajos?
650 7 _9100
_aEducación infantil
700 _aPeter Rutherford
_eilustrador
942 _cLGB
999 _c67766
_d67766